banner-ar

SUPPORT TO POPULATION FP\IEC PROJECT'UNFPA EGY 194\PO1 FINALREPORT THE FP\ IEC BASELINE SURVEY IN UNDER SERVED VILLAGES / (Record no. 16173)

MARC details
000 -الفاتح
حقل البيانات ثابتة الطول 00668nam a2200217Ia 4500
008 - عناصر البيانات ثابتة الطول - معلومات عامة
حقل البيانات ثابتة الطول 140319s9999 xx 000 0 eng d
040 ## - مصدر الفهرسة
وكالة الفهرسة الأصلية GCL /
وكالة النسخ GCL
082 04 - رقم تصنيف ديوى العشرى
رقم التصنيف 363.96
رقم المادة G S
100 1# - المدخل الرئيسى - إسم شخصى
الإسم الشخصى DINEKE KARFKER
245 10 - بيان العنوان
العنوان SUPPORT TO POPULATION FP\IEC PROJECT'UNFPA EGY 194\PO1 FINALREPORT THE FP\ IEC BASELINE SURVEY IN UNDER SERVED VILLAGES /
بيان المسئوليه,etc DINEKE KARFKER
700 1# - المدخل الاضافى - اسم شخصى
الإسم الشخصى GAMAL EL NAHAS
700 1# - المدخل الاضافى - اسم شخصى
الإسم الشخصى SAMIR KHAMIS
260 ## - PUBLICATION, DISTRIBUTION, ETC. (IMPRINT)
تاريخ النشر أو التوزيع 1997
300 ## - الوصف المادى
التعداد 88 P
650 04 - المدخل الاضافى بالموضوع-مصطلح موضوعى
مصطلح موضوعي POPULATION
650 04 - المدخل الاضافى بالموضوع-مصطلح موضوعى
مصطلح موضوعي HUMAN POPULATION
650 04 - المدخل الاضافى بالموضوع-مصطلح موضوعى
مصطلح موضوعي POPULATION GROWTH
650 04 - المدخل الاضافى بالموضوع-مصطلح موضوعى
مصطلح موضوعي EGYPT - POPULATION
942 ## - عناصر المدخل الإضافي( كوها)
مصدر التصنيف او مخطط الترفيف Dewey Decimal Classification
Koha [default] item type كتاب
260 ## - PUBLICATION, DISTRIBUTION, ETC. (IMPRINT)
-- [S.N] :
-- THE NATIONAL POPULATION CAUNCIL ،
Holdings
حالة التراجع حالة الفقد حالة تلف ليس للاعارة المكان المؤقت الموقع الحالى تاريخ الاكتساب اجمالي اﻻعارات رقم الطلب الباركود تاريخ اخر مشاهدة تاريخ تفعيل السعر نوع وعاء كوها
        مكتبة القاهرة الكبرى مكتبة القاهرة الكبرى 03/26/2014   363.96\G S 29549 03/26/2014 03/26/2014 كتاب
        مكتبة القاهرة الكبرى مكتبة القاهرة الكبرى 03/26/2014   363.96\G S 29550 03/26/2014 03/26/2014 كتاب

Powered By

EGPV